Qui sont ces députés du Groupe Rassemblement National ? - 2024 - Statistiques

Statistiques générales
  • Ce quiz a été pris 300 fois
  • Le résultat moyen est 6 sur 12
Statistiques - réponses
Par images Hint Réponse % Correct
Pas De Calais Marine Le Pen
100%
Somme Jean-Philippe Tanguy
84%
Nord Sébastien Chenu
67%
Yonne Julien Odoul
66%
Var Laure Lavalette
66%
Moselle Laurent Jacobelli
49%
Gironde Edwige Diaz
46%
Lot et Garonne Hélène Laporte
31%
Loiret Thomas Ménagé
29%
Bouches du Rhône Franck Allisio
27%
Bouches du Rhône José Gonzalez
21%
Loir-et-Cher Roger Chudeau
18%
Aucun quiz correspondant
Distribution des résultats
% des personnes avec chaque résultat
Percentile par nombre de réponses
Votre historique - résultats
Vous n’avez pas pris ce quiz